A feminist manifesto : (Record no. 155874)

MARC details
000 -LEADER
fixed length control field 00542nam a22001817a 4500
005 - DATE AND TIME OF LATEST TRANSACTION
control field 20180821111639.0
010 ## - LCCN (DPL NO)
LC control number ENG-123841
020 ## - INTERNATIONAL STANDARD BOOK NUMBER
International Standard Book Number 9789382425045
Terms of availability 350.00
035 ## - SYSTEM CONTROL NUMBER
System control number EN-107373
037 ## - SOURCE OF ACQUISITION
Source of stock number/acquisition DBAD/PUB
082 ## - DEWEY DECIMAL CLASSIFICATION NUMBER
Classification number 362.88082
100 ## - MAIN ENTRY--PERSONAL NAME
Personal name Mazumdar, Rinita
245 ## - TITLE STATEMENT
Title A feminist manifesto :
Statement of responsibility, etc by Rinita Mazumdar
Remainder of title rape, reproduction, revolution /
260 ## - PUBLICATION, DISTRIBUTION, ETC. (IMPRINT)
Date of publication, distribution, etc 2013
Place of publication, distribution, etc Kolkata
Name of publisher, distributor, etc Anustup
270 ## - ADDRESS
City Kolkata
Address 2 E Nabin Kundu Lane,
Postal code 700009
300 ## - PHYSICAL DESCRIPTION
Extent 176p.
Dimensions 22cm.(Hb)
942 ## - ADDED ENTRY ELEMENTS (KOHA)
Source of classification or shelving scheme Dewey Decimal Classification
Item type English Books
Classification part 362.88082
Call number suffix MAZ
Holdings
Withdrawn status Lost status Not for loan Collection code Home library Current library Date acquired Source of acquisition Cost, normal purchase price Full call number Barcode Copy number Cost, replacement price Koha item type
    Not For Loan Non-fiction D.B.Act.Division Bawana 14/08/2018 DBAD/PUB 350.00 362.88082 MAZ EN-107373 1 350.00 English Books

© Delhi Public Library
Hit Counter
free hit counter